| 000 | 00000nas 2200000zi 4500 |
| 001 | 9.912659 |
| 003 | CaOODSP |
| 005 | 20250925141215 |
| 006 | m o d f |
| 007 | cr cn||||||||| |
| 008 | 220623c20209999qucar p o f0 b0fre|d |
| 022 | |a2816-6876 |
| 040 | |aCaOODSP|bfre|erda|cCaOODSP |
| 043 | |an-cn--- |
| 086 | 1 |aEm5-11F-PDF |
| 222 | 0|aRapport annuel ... Accidents du travail dans la compétence fédérale canadienne |
| 245 | 00|aRapport annuel ... |pAccidents du travail dans la compétence fédérale canadienne. |
| 264 | 1|a[Gatineau, Québec] : |bEmploiet et Développement social Canada = Employment and Social Development Canada, |c2022- |
| 310 | |aAnnuel |
| 336 | |atexte|btxt|2rdacontent/fre |
| 337 | |ainformatique|bc|2rdamedia/fre |
| 338 | |aressource en ligne|bcr|2rdacarrier/fre |
| 362 | 1 |aParaît depuis 2020. |
| 500 | |aPublié aussi en anglais sous le titre : ... annual report. Occupational injuries in the Canadian federal jurisdiction. |
| 588 | |aDescription d'après : 2020. |
| 588 | |aDernière livraison consultée : 2020. |
| 650 | 6|aTravail|xAccidents.|zCanada|vPériodiques. |
| 655 | 7|aPériodiques|2rvmgf |
| 710 | 1 |aCanada. |bEmploi et développement social Canada, |eorganisme de publication. |
| 775 | 08|t... annual report. |w(CaOODSP)9.912658 |
| 780 | 00|tRapport annuel ... , accidents du travail chez les employés relevant de la compétence fédérale.|w(CaOODSP)9.901485 |